000 00577nam a2200241 a 4500
001 nice12345678
003 IN_TiNIC
005 20260116011429.0
008 050524s1904 laha grp 000 0 urd
020 _a
_c100
082 0 0 _a239
_bDAL
100 _aDale, R W
245 _aZinda Masih Aur Anajil-E-Arba`
260 _aLahore
_bPunjab Religious Booksociety
_c1904
300 _a232p
500 _aincludes index and biblioraphy
505 2 _aIndex Nominvm
650 _aApologetics
700 1 _aDale, R W
902 _bSRS
942 _cBK
999 _c1461
_d1461